| 000 | 00759 a2200241 4500 | ||
|---|---|---|---|
| 003 | CBULib | ||
| 005 | 20250227121804.0 | ||
| 008 | 241029b |||||||| |||| 00| 0 eng d | ||
| 020 | _a9780470129135 | ||
| 040 |
_bEnglish _cCBULib _erda |
||
| 050 | _aBF 698 Mca | ||
| 100 | _aMcAdams, Dan P. | ||
| 245 |
_aThe person : an introduction to science of personality psychology _c/ by Dan P. McAdams |
||
| 250 | _aFifth edition. | ||
| 260 |
_bWiley : _c2009 _aNew Jersey, |
||
| 300 | _axxi, 598 pages : illustrations | ||
| 336 |
_2rdacontent _aText | _btxt |
||
| 337 |
_2rdamedia _aUnmediated | _bn |
||
| 338 |
_2rdacarrier _aVolume _bnc |
||
| 500 | _aIncludes a bibliographical references, glossary and index | ||
| 650 | 0 |
_9307 _aPERSONALITY |
|
| 942 |
_2lcc _c002 |
||
| 999 |
_c85699 _d85699 |
||